000 00510nam a22001817a 4500
999 _c3959
_d3959
003 GBCCL
005 20241126110507.0
008 171219b xxu||||| |||| 00| 0 eng d
020 _a0801060664
040 _cgbc
082 _a248.86
_bMIN
100 _aMinirth, Frank B.
_97720
245 _a100 ways to defeat depression /
_cFrank B. Minirth, States Skipper & Paul D. Meier
260 _bBaker Book House,
_aMichigan:
_c1979
300 _a100 p.;
_c16 cm.
650 _aDepression
_99452
942 _2ddc
_cBK
_010